000 00414nam a2200169Ia 4500
008 220531s9999 xx 000 0 und d
041 _aeng
082 _bBUS / GAR
100 _aGarde / Kulkarni, V.
_930949
245 _aBusiness Economics
250 _a1ST
260 _bNarendra
_c1991
542 _d01-01-2010
650 _aEconomics
_930950
906 _d2009-2010
_d2014-2015
_f2129
999 _c19443
_d19443